| 000 | 01053nam a22003257a 4500 | ||
|---|---|---|---|
| 003 | CHAP | ||
| 005 | 20220329135409.0 | ||
| 008 | 971013s1981 r 00010 d | ||
| 010 | _a35710 | ||
| 011 | _a36682 | ||
| 035 | _a40801 | ||
| 040 | _cCHAP | ||
| 082 |
_a972 _bM47 1981 |
||
| 110 |
_aMéxico. Secretaría de Programación y Presupuesto _977206 |
||
| 245 | 1 | _aAtlas nacional del medio físico, 1981 | |
| 260 |
_a(s.l.) : _bLa Secretaría, _c(1981) |
||
| 300 |
_a224 p. _b: ilus |
||
| 590 |
_aBATCH-UPD _b10 _c20130110 _lUCH01 _h1507 |
||
| 590 |
_aBATCH-UPD _b10 _c20130410 _lUCH01 _h0926 |
||
| 590 |
_aBATCH-UPD _b10 _c20130914 _lUCH01 _h0950 |
||
| 590 |
_aCONVERSION _b10 _c20130109 _lUCH01 _h1320 |
||
| 650 | 1 | 4 |
_aClimatología _xMapas. _923867 |
| 650 | 1 | 4 |
_aGeología _xMapas. _947626 |
| 650 | 1 | 4 |
_aMéxico _xMapas. _976780 |
| 650 | 1 | 4 |
_aSuelos _xMapas. _9110427 |
| 901 | _aBK | ||
| 942 | _cLIBRO | ||
| 949 |
_a912.72 M47 1981 _bBC _cMAP _d-93235 _eMAP _h59221 _i40801 _mD _st |
||
| 949 |
_a912.72 M47 1981 _bBC _cMAP _d-93237 _eMAP _fc.2 _h75671 _i40801 _mD _st |
||
| 999 |
_c35710 _d35710 |
||